01191nam a2200193Ia 4500001001100000003001000011008004100021040002500062041001300087100001800100245009100118250001100209260009200220300001200312500026400324501011400588520026400702650003100966L922-41846IT-CnALBA170116s9999||||xx |||||||||||||| ||und|| aIT-CnALBAcIT-CnALBA aITALIANO aBOUNOUS CLARA 0aLA TOGA NEGATA. IL CAMMINO DELLE DONNE NELLE PROFESSIONI GIURIDICHE. DA LIDIA POET...  a1a ed. a TIPOGRAFIA. PINEROLO.bALZANI EDIZIONI c1997 [1° Ed.:1997 - Ed.Ling.Originale: 1997] a271 p.  aDA LIDIA POET ALLA ATTUALE REALTÀ TORINESE. ILLUSTRAZIONI. PREFAZIONE. PRESENTAZIONE. STORIA. REALTÀ MODERNA. CONTESTO STORICO POLITICO DEL REGNO DI ITALIA. POET LIDIA E INIZIO DI UN LUNGO VIAGGIO. EVOLUZIONE CONTINUA. EVOLUZIONE PROFESSIONE. DONNA CON TO aSocietà San Paolo EM - Piazza San Paolo, 14 - 12051 ALBA (CN) (non commercial uses only) ® Copyright 2017 aDA LIDIA POET ALLA ATTUALE REALTÀ TORINESE. ILLUSTRAZIONI. PREFAZIONE. PRESENTAZIONE. STORIA. REALTÀ MODERNA. CONTESTO STORICO POLITICO DEL REGNO DI ITALIA. POET LIDIA E INIZIO DI UN LUNGO VIAGGIO. EVOLUZIONE CONTINUA. EVOLUZIONE PROFESSIONE. DONNA CON TO aBIOGRAFIE, UOMINI ILLUSTRI